Actividad física y salud (Registro nro. 75596)

Detalles MARC
000 -ENCABEZADO
Número de control [NR] 00850nam a2200241Ia 4500
008 - DE LONGITUD FIJA DE DATOS DE ELEMENTOS - INFORMACIÓN GENERAL
Elementos de longitud fija [NR] 130821s2009 sp a gr spa
020 ## - NUMERO INTERNACIONAL NORMALIZADO PARA LIBROS [R]
Número Internacional Normalizado del libro [NR] 978 84 7978 934 3
040 ## - FUENTE DE CATALOGACION [NR]
Agencia de catalogación original [NR] Co-BoUCM
Idioma de catalogación [NR] spa
041 00 - CODIGO DE IDIOMA [R]
Código de idioma para texto/pista de sonido o título separado [R] Español
060 00 - SIGNATURA TOPOGRAFICA DE LA BIBLIOTECA NACIONAL DE MEDICINA (NLM) [R]
Número clasificador [R] QT 255
245 00 - MENCION DE TITULO [NR]
Título [NR] Actividad física y salud
Mención de responsabilidad, etc. [NR] Sara Márquez Rosa y Nuria Garatachea Vallejo,directoras
260 ## - PUBLICACION, DISTRIBUCION, ETC. (PIE DE IMPRENTA) [R]
Lugar de publicación, distribución, etc. [R] Madrid (España)
Nombre del editor, distribuidor, etc. [R] Ediciones Díaz de Santos
Fecha de publicación, distribución, etc. [R] 2009
300 ## - DESCRIPCION FISICA [R]
Extensión [R] xviii, 584 páginas
Otros detalles físicos [NR] ilustraciones, cuadros
490 #0 - MENCION DE SERIE [R]
Mención de serie [R] Serie Salud y Nutrición
504 ## - NOTA DE BIBLIOGRAFIA, ETC. [R]
Nota de bibliografía, etc. [NR]
650 ## - ASIENTO SECUNDARIO DE MATERIA - TERMINO TEMATICO [R]
Término temático o nombre geográfico como elemento de entrada [NR] Ejercicio
9 (RLIN) 13933
650 ## - ASIENTO SECUNDARIO DE MATERIA - TERMINO TEMATICO [R]
Término temático o nombre geográfico como elemento de entrada [NR] Medicina del deporte
9 (RLIN) 19144
650 ## - ASIENTO SECUNDARIO DE MATERIA - TERMINO TEMATICO [R]
Término temático o nombre geográfico como elemento de entrada [NR] Nutrición
9 (RLIN) 20616
650 ## - ASIENTO SECUNDARIO DE MATERIA - TERMINO TEMATICO [R]
Término temático o nombre geográfico como elemento de entrada [NR] Salud
9 (RLIN) 23914
700 1# - ASIENTO SECUNDARIO - NOMBRE PERSONAL [R]
Nombre personal [NR] Garatachea Vallejo, Nuria
Término de relación [R]
9 (RLIN) 169258
700 1# - ASIENTO SECUNDARIO - NOMBRE PERSONAL [R]
Nombre personal [NR] Márquez Rosa, Sara
Término de relación [R]
9 (RLIN) 169259
942 ## - ELEMENTOS DE ENTRADA AGREGADOS (KOHA)
Tipo de ítem principal el descrito en 300a Libro
Tema principal Ciencias de la salud
Edición 1
Parte restante de la signatura top. A188
Sistema de clasificación NLM
Clasificación QT 255
Título oculto en OPAC No
Existencias
Fecha de último préstamo Total préstamos Total Renewals Signatura topográfica Código de barras Última vez visto Ejemplar Price effective from Tipo de ítem Perdido Sistema de clasificación Dañado No prestable Tipo de ítem específico Suprimido Ubicación habitual Ubicación actual Localización Fecha de creación Forma de adquisición Costo
12/05/2023 50 15 QT 255 A188 200022189 11/12/2025 Ej.1 03/02/2013 Libro   NLM     Libro   Quinta de Mutis Quinta de Mutis 1er piso 19/02/2013 Compra 180000.00